000 00797nam a2200229 i 4500
001 21915
003 ES-MaACL
005 20250819052224.0
007 t|
008 021128s1974 ag |||| | spa d
100 1 _aAlchourrón, Carlos E.
_919544
245 1 0 _aIntroducción a la metodología de las ciencias jurídicas y sociales /
_cCarlos E. Alchourrón, Eugenio Bulygin.
260 _aBuenos Aires :
_bAstrea,
_c[1974]
300 _a277 p. ;
_c23 cm.
490 1 _aColección mayor. Filosofía y derecho ; 1
650 7 _aDerecho-
_xMetodología
_2
_9168474
650 0 4 _aCiencias sociales-
_xMetodología
_910996
700 1 _aBulygin, Eugenio.
_932538
830 0 0 _aColección mayor.
_pFilosofía y derecho
_9228972
852 _aES-MaACL
_jL-7747
999 _c21915
_d21915